| 000 | 00590cam a2200193 a 4500 | ||
|---|---|---|---|
| 001 | 254916 | ||
| 005 | 20231205042506.0 | ||
| 008 | 990422s1998 ce b 100 0 eng | ||
| 020 | _a9555800332 | ||
| 040 |
_aDLC _cDLC _dDLC |
||
| 082 | 0 | 0 |
_a305.8/0095493 _221 |
| 245 | 0 | 0 |
_aCulture and politics of identity in Sri Lanka / _cedited by Mithran Tiruchelvam and Dattathreya C.S. |
| 260 |
_aColombo : _bInternational Centre for Ethnic Studies, _c1998. |
||
| 300 | _axii, 186 p. ; | ||
| 650 | 0 | _aEthnology | |
| 700 | 1 |
_aTiruchelvam, Mithran. _eedt |
|
| 700 | 0 |
_aDattathreya C. S. _eedt |
|
| 942 | _cL | ||
| 999 |
_c150 _d150 |
||